[Event "Robinson Cup 2017"]
[Site "Cardiff"]
[Date "2017.07.25"]
[Round "4.1"]
[White "Guha, Chirag"]
[Black "Salmons, Calum"]
[Result "1-0"]
[WhiteElo "1776"]
[BlackElo "1745"]
[PlyCount "93"]
[EventDate "2017.07.24"]
[EventType "team-tourn"]
[EventCountry "WLS"]
[SourceDate "2017.07.26"]

1. d4 Nf6 2. Nf3 c5 3. e3 g6 4. Bd3 Bg7 5. O-O O-O 6. b3 Nc6 7. Bb2 cxd4 8.
Nxd4 d6 9. Nxc6 bxc6 10. h3 Be6 11. Nd2 a5 12. a4 Nd5 13. Bxg7 Kxg7 14. Nf3 Nb4
15. Nd4 Bd7 16. c3 Nxd3 17. Qxd3 e5 18. Nf3 Be6 19. b4 f5 20. Rfd1 Rf7 21. Qxd6
Qxd6 22. Rxd6 Bd5 23. Nxe5 Rc7 24. c4 Re7 25. cxd5 Rxe5 26. dxc6 axb4 27. c7 b3
28. Rd8 Re8 29. Rxe8 Rxe8 30. Rb1 Rc8 31. Rxb3 Rxc7 32. Ra3 Ra7 33. a5 Kf7 34.
Kf1 Ke6 35. a6 Kf6 36. Ra5 h6 37. f3 Ke6 38. Kf2 Kf6 39. e4 fxe4 40. fxe4 Ke6
41. g4 Kd6 42. Ke3 Ke6 43. Kd4 Rd7+ 44. Kc5 Rc7+ 45. Kb6 Rc1 46. a7 Rb1+ 47.
Ka6 1-0

[Event "Robinson Cup 2017"]
[Site "Cardiff"]
[Date "2017.07.25"]
[Round "4.2"]
[White "Howell, Oliver W"]
[Black "Rathbone-Jones, Ifan"]
[Result "1/2-1/2"]
[WhiteElo "1701"]
[BlackElo "1599"]
[PlyCount "127"]
[EventDate "2017.07.24"]
[EventType "team-tourn"]
[EventCountry "WLS"]
[SourceDate "2017.07.26"]
[WhiteTeam "ENG"]

1. Nf3 Nf6 2. c4 e6 3. g3 g6 4. Bg2 Bg7 5. O-O d5 6. Nc3 d4 7. Nb5 c5 8. e3 a6
9. Na3 d3 10. Qb3 Nc6 11. Ne1 Nb4 12. Nb1 O-O 13. a3 Nc6 14. Qxd3 Na5 15. Qc2
e5 16. d3 Bf5 17. e4 Bg4 18. Be3 Rc8 19. Nc3 Qd7 20. Nf3 Bxf3 21. Bxf3 Rfd8 22.
Nd5 Nxd5 23. exd5 f5 24. Rab1 f4 25. Bd2 b6 26. Bc3 Qf5 27. Rbc1 Nb7 28. Qe2 h5
29. Be4 Qg5 30. Kh1 Rf8 31. Bd2 Nd6 32. f3 b5 33. b3 Nf5 34. Bxf5 Qxf5 35. Qe4
bxc4 36. Qxf5 Rxf5 37. dxc4 Rcf8 38. gxf4 exf4 39. Rfe1 Bb2 40. Rc2 Bxa3 41.
Ra2 Bb4 42. Bxb4 cxb4 43. Rxa6 Rg5 44. Rg1 Rxg1+ 45. Kxg1 Kf7 46. Kf2 Re8 47.
Rb6 Ra8 48. Re6 Ra3 49. c5 Rxb3 50. Re4 g5 51. d6 Rd3 52. Rxb4 Rd2+ 53. Ke1
Rxh2 54. Re4 Ra2 55. d7 Ra8 56. c6 h4 57. Kf2 Ra2+ 58. Re2 Rxe2+ 59. Kxe2 Ke7
60. Kf2 Kd8 61. Kg2 Kc7 62. Kh3 Kd8 63. Kg4 Kc7 64. Kh3 1/2-1/2

[Event "Robinson Cup 2017"]
[Site "Cardiff"]
[Date "2017.07.25"]
[Round "4.5"]
[White "Jaberansari, Daniel"]
[Black "Jaufarally, Nadia"]
[Result "0-1"]
[WhiteElo "1387"]
[BlackElo "1657"]
[PlyCount "98"]
[EventDate "2017.07.24"]
[EventType "team-tourn"]
[EventCountry "WLS"]
[SourceDate "2017.07.26"]

1. e4 c5 2. c3 g6 3. Nf3 Bg7 4. Bc4 e6 5. d4 cxd4 6. cxd4 d5 7. exd5 exd5 8.
Bb3 Nc6 9. Nc3 Nge7 10. O-O O-O 11. h3 Be6 12. Bg5 h6 13. Bf4 g5 14. Bh2 Nf5
15. Ne2 Qb6 16. Be5 Bxe5 17. dxe5 Rad8 18. Ng3 Nxg3 19. Re1 Ne4 20. Qe2 f6 21.
exf6 Rxf6 22. Bc2 Ng3 23. Qd2 Ne4 24. Qe2 Nd4 25. Nxd4 Qxd4 26. Rad1 Qxf2+ 27.
Qxf2 Nxf2 28. Rxe6 Nxh3+ 29. gxh3 Rxe6 30. a3 Re3 31. Rd3 Rxd3 32. Bxd3 Rf8 33.
Kg2 a5 34. Bc2 Rf4 35. Bb3 Rd4 36. Kf1 Kg7 37. Ke2 Kf6 38. Ke3 Ke5 39. Bc2 Rh4
40. Kf2 Rxh3 41. Kg2 Re3 42. Kf2 Kf4 43. Bd1 d4 44. b4 axb4 45. axb4 g4 46.
Bxg4 Kxg4 47. b5 Kf4 48. b6 d3 49. Kf1 Kg3 0-1

[Event "Robinson Cup 2017"]
[Site "Cardiff"]
[Date "2017.07.25"]
[Round "4.6"]
[White "Rahulan, Thivyaa"]
[Black "Fowler, Caspian"]
[Result "1/2-1/2"]
[WhiteElo "1623"]
[BlackElo "1234"]
[PlyCount "69"]
[EventDate "2017.07.24"]
[EventType "team-tourn"]
[EventCountry "WLS"]
[SourceDate "2017.07.26"]
[BlackTeam "WLS"]

1. e4 e5 2. Nf3 Nc6 3. Bc4 Bc5 4. d3 Nf6 5. O-O a6 6. c3 Ba7 7. Bb3 d6 8. h3 h6
9. Re1 O-O 10. d4 Bd7 11. Bc2 Re8 12. d5 Ne7 13. c4 Ng6 14. Nc3 Qc8 15. Kh2
Bxf2 16. Rf1 Ba7 17. Ne1 Nh7 18. Qf3 Rf8 19. Ne2 Qd8 20. g4 Ng5 21. Qg3 c6 22.
h4 Nh7 23. Nf3 cxd5 24. cxd5 Bb5 25. Re1 Bxe2 26. Rxe2 Nf6 27. Rg2 Rc8 28. h5
Ne7 29. g5 Nxh5 30. Qh4 g6 31. gxh6 Kh7 32. Qxh5 gxh5 33. Rg7+ Kh8 34. Ng5
Rxc2+ 35. Kh1 1/2-1/2

[Event "Robinson Cup 2017"]
[Site "Cardiff"]
[Date "2017.07.26"]
[Round "5.1"]
[White "Salmons, Calum"]
[Black "Melaugh, Gavin"]
[Result "0-1"]
[WhiteElo "1745"]
[BlackElo "1907"]
[PlyCount "96"]
[EventDate "2017.07.24"]
[EventType "team-tourn"]
[EventCountry "WLS"]
[SourceDate "2017.07.26"]

1. e4 c5 2. Nc3 a6 3. f4 b5 4. Nf3 Bb7 5. d3 e6 6. g3 d5 7. e5 Be7 8. Bg2 Nc6
9. Ne2 h5 10. d4 Nh6 11. Be3 h4 12. dxc5 Nf5 13. Bg1 h3 14. Bf1 d4 15. Bf2 Nxe5
16. fxe5 Bxf3 17. Rg1 Bxc5 18. Qd3 Bb4+ 19. c3 dxc3 20. Nxc3 Qxd3 21. Bxd3
O-O-O 22. Be2 Bxe2 23. Kxe2 Nd4+ 24. Bxd4 Rxd4 25. Rac1 Kd7 26. Rgd1 Bxc3 27.
Rxd4+ Bxd4 28. Rd1 Rh5 29. Rxd4+ Kc6 30. Rd6+ Kc5 31. Rxa6 Rxe5+ 32. Kf3 Rf5+
33. Kg4 Rf2 34. Kxh3 Rxb2 35. g4 Rb4 36. g5 Ra4 37. Rxa4 bxa4 38. Kg4 g6 39. h4
Kd4 40. h5 gxh5+ 41. Kxh5 e5 42. Kh6 e4 43. Kg7 e3 44. Kxf7 e2 45. g6 e1=Q 46.
g7 Qf2+ 47. Kg8 Qxa2+ 48. Kh8 Qg2 0-1

[Event "Robinson Cup 2017"]
[Site "Cardiff"]
[Date "2017.07.26"]
[Round "5.2"]
[White "Ruchko, Denis"]
[Black "Howell, Oliver W"]
[Result "1-0"]
[WhiteElo "1774"]
[BlackElo "1701"]
[PlyCount "88"]
[EventDate "2017.07.24"]
[EventType "team-tourn"]
[EventCountry "WLS"]
[SourceDate "2017.07.26"]
[BlackTeam "ENG"]

1. d4 e6 2. c4 f5 3. g3 Nf6 4. Bg2 Be7 5. Nc3 O-O 6. Nf3 d6 7. O-O Qe8 8. Re1
Qg6 9. Qc2 Ne4 10. Nd2 Nxc3 11. Qxc3 Bf6 12. e4 e5 13. d5 Na6 14. b4 f4 15. Rb1
Qh5 16. Ba3 g5 17. f3 g4 18. Qd3 fxg3 19. hxg3 Bg5 20. Rb3 Bxd2 21. Qxd2 gxf3
22. Bxf3 Bg4 23. Bxg4 Qxg4 24. Qe2 Qxe2 25. Rxe2 Rf6 26. Rf2 Raf8 27. Rxf6 Rxf6
28. Bc1 Kf7 29. a3 Nb8 30. Rc3 Kg6 31. Be3 b6 32. c5 h5 33. Kg2 Na6 34. cxb6
cxb6 35. Rc6 Nb8 36. Rc8 Na6 37. Ra8 Rf7 38. Rd8 Rc7 39. Rxd6+ Kf7 40. Kf3 Rc3
41. Rd7+ Kf6 42. Rxa7 Rxa3 43. b5 Rb3 44. Rxa6 Rxb5 1-0

[Event "Robinson Cup 2017"]
[Site "Cardiff"]
[Date "2017.07.26"]
[Round "5.3"]
[White "Watson, Mikey J"]
[Black "Remenyik, David"]
[Result "1/2-1/2"]
[WhiteElo "1719"]
[BlackElo "1737"]
[PlyCount "76"]
[EventDate "2017.07.24"]
[EventType "team-tourn"]
[EventCountry "WLS"]
[SourceDate "2017.07.26"]

1. Nf3 e6 2. d4 Nf6 3. c4 d5 4. g3 dxc4 5. Qa4+ Nbd7 6. Qxc4 a6 7. Bg2 b5 8.
Qc6 Rb8 9. Bf4 Nd5 10. Bg5 Be7 11. Bxe7 Qxe7 12. O-O Bb7 13. Qc1 O-O 14. Nbd2
Rfc8 15. e4 N5f6 16. Qe1 c5 17. Qe2 Rd8 18. Rac1 Rbc8 19. e5 Ne8 20. Nb3 cxd4
21. Nfxd4 Bxg2 22. Kxg2 Nb8 23. Qe4 Qd7 24. f4 Nc7 25. Rfd1 Qd5 26. Kf3 Qxe4+
27. Kxe4 Nd5 28. f5 Rxc1 29. Rxc1 exf5+ 30. Nxf5 Nb6 31. Nd6 f6 32. Nd4 fxe5
33. Kxe5 N8d7+ 34. Kf4 Nd5+ 35. Kg5 h6+ 36. Kh4 N7f6 37. N6f5 Ne3 38. Nxe3
Rxd4+ 1/2-1/2

[Event "Robinson Cup 2017"]
[Site "Cardiff"]
[Date "2017.07.26"]
[Round "5.4"]
[White "Naughton, James"]
[Black "Atara, Omeet J"]
[Result "1-0"]
[WhiteElo "1783"]
[BlackElo "1616"]
[PlyCount "71"]
[EventDate "2017.07.24"]
[EventType "team-tourn"]
[EventCountry "WLS"]
[SourceDate "2017.07.26"]
[BlackTeam "ENG A"]

1. e4 b6 2. Nc3 Bb7 3. Bc4 e6 4. d4 Bb4 5. Qe2 Bxc3+ 6. bxc3 Ne7 7. Nf3 d6 8.
O-O h6 9. Bf4 Ng6 10. Bg3 O-O 11. Rad1 Nd7 12. Ba6 Bxa6 13. Qxa6 Nf6 14. Rfe1
d5 15. exd5 exd5 16. Ne5 Nxe5 17. dxe5 Nh5 18. Qb5 Nxg3 19. Rxd5 Qc8 20. Qc6
Nf5 21. Rd7 Re8 22. e6 fxe6 23. Rxe6 Nd6 24. Qd5 Qxd7 25. Rxe8+ Kh7 26. Rxa8
Qe7 27. Qd3+ g6 28. Qe3 Qf7 29. Qe5 g5 30. Qh8+ Kg6 31. Qg8+ Qxg8 32. Rxg8+ Kh5
33. h3 c5 34. g4+ Kh4 35. Kg2 Nf7 36. Rg7 1-0

[Event "Robinson Cup 2017"]
[Site "Cardiff"]
[Date "2017.07.26"]
[Round "5.5"]
[White "Jaufarally, Nadia"]
[Black "Gupta, Utkarsh"]
[Result "0-1"]
[WhiteElo "1657"]
[BlackElo "1637"]
[PlyCount "100"]
[EventDate "2017.07.24"]
[EventType "team-tourn"]
[EventCountry "WLS"]
[SourceDate "2017.07.26"]
[BlackTeam "IRL A"]

1. d4 Nf6 2. Bf4 d5 3. e3 c5 4. c3 Nc6 5. Bd3 Qb6 6. Qc1 cxd4 7. exd4 Bd7 8.
Nf3 Rc8 9. Nbd2 e6 10. h3 Be7 11. Rb1 Nb4 12. Be2 Bb5 13. Ne5 Bxe2 14. Kxe2 Nc6
15. Nxc6 bxc6 16. Qc2 c5 17. Be3 cxd4 18. Qa4+ Qc6 19. Qxc6+ Rxc6 20. Bxd4 Bc5
21. Bxc5 Rxc5 22. Rhc1 Ke7 23. b4 Rc7 24. a4 Rhc8 25. Rb3 Nd7 26. f4 Nb6 27. a5
Nc4 28. Nxc4 Rxc4 29. g3 Kd6 30. Kd3 f6 31. Rf1 e5 32. fxe5+ fxe5 33. b5 e4+
34. Kd2 R8c7 35. b6 axb6 36. axb6 Rb7 37. Ra1 Kc6 38. Ra6 Rc5 39. Ke3 Rb5 40.
Rba3 R5xb6 41. Rxb6+ Rxb6 42. Kd4 Rb1 43. Ra7 Rd1+ 44. Ke3 Rd3+ 45. Kf2 Rxc3
46. Rxg7 d4 47. Rxh7 Rc2+ 48. Ke1 e3 49. Re7 Rh2 50. h4 Kd5 0-1

[Event "Robinson Cup 2017"]
[Site "Cardiff"]
[Date "2017.07.26"]
[Round "5.1"]
[White "Sanger, Jake M"]
[Black "Murphy, Adam"]
[Result "1-0"]
[WhiteElo "1794"]
[BlackElo "1526"]
[PlyCount "55"]
[EventDate "2017.07.24"]
[EventType "team-tourn"]
[EventCountry "WLS"]
[SourceDate "2017.07.26"]

1. d4 e6 2. e4 d5 3. Nd2 Nf6 4. e5 Nfd7 5. Bd3 c5 6. c3 Nc6 7. Ne2 cxd4 8. cxd4
f6 9. exf6 Nxf6 10. Nf3 Bd6 11. Nc3 a6 12. Bg5 O-O 13. a3 Qc7 14. Qc2 h6 15.
Bh4 Nh5 16. Bg3 Nxg3 17. hxg3 Qe7 18. O-O-O b5 19. Nh4 Qg5+ 20. Kb1 b4 21. Nxd5
exd5 22. Bh7+ Kf7 23. Qxc6 Be7 24. Rhe1 Bf6 25. Qc7+ Be7 26. Bg6+ Kg8 27. Qxe7
bxa3 28. Qxf8+ 1-0

[Event "Robinson Cup 2017"]
[Site "Cardiff"]
[Date "2017.07.26"]
[Round "5.2"]
[White "Hunter, Sean"]
[Black "Volland, Ben"]
[Result "0-1"]
[WhiteElo "1562"]
[BlackElo "1723"]
[PlyCount "50"]
[EventDate "2017.07.24"]
[EventType "team-tourn"]
[EventCountry "WLS"]
[SourceDate "2017.07.26"]

1. e4 e5 2. Nf3 Nc6 3. Bc4 Nf6 4. d3 Bc5 5. Nc3 d6 6. Be3 Bb6 7. O-O Bg4 8. h3
Bh5 9. g4 Nxg4 10. hxg4 Bxg4 11. Kh1 h5 12. Rg1 Nd4 13. Bxd4 Bxd4 14. Qe2 c6
15. Rg3 Qd7 16. Rag1 Rh6 17. Nd1 O-O-O 18. c3 Bb6 19. Ne3 Rdh8 20. Kg2 Bxe3 21.
Qxe3 h4 22. Nxh4 Rxh4 23. Qxa7 Be2 24. Qa8+ Kc7 25. Qa5+ Kb8 0-1

[Event "Robinson Cup 2017"]
[Site "Cardiff"]
[Date "2017.07.26"]
[Round "5.4"]
[White "Fitzgerald, Niall"]
[Black "McKay, Jonathan"]
[Result "1/2-1/2"]
[WhiteElo "1518"]
[BlackElo "1406"]
[PlyCount "28"]
[EventDate "2017.07.24"]
[EventType "team-tourn"]
[EventCountry "WLS"]
[SourceDate "2017.07.26"]
[WhiteTeam "IRL B"]

1. e4 e6 2. d4 d5 3. exd5 exd5 4. Bd3 Bd6 5. Ne2 Ne7 6. O-O Bf5 7. Bf4 c6 8. c3
O-O 9. Bxd6 Qxd6 10. Ng3 Bxd3 11. Qxd3 Nd7 12. Nd2 Nf6 13. Rfe1 Rfe8 14. Re2
Ng6 1/2-1/2

[Event "Robinson Cup 2017"]
[Site "Cardiff"]
[Date "2017.07.26"]
[Round "5.6"]
[White "Rachid, Alexandre"]
[Black "Guha, Chirag"]
[Result "1-0"]
[WhiteElo "2044"]
[BlackElo "1776"]
[PlyCount "69"]
[EventDate "2017.07.24"]
[EventType "team-tourn"]
[EventCountry "WLS"]
[SourceDate "2017.07.26"]

1. e4 e5 2. Nf3 Nc6 3. Bc4 Nf6 4. d3 Bc5 5. c3 d6 6. Bb3 a6 7. O-O O-O 8. Re1
Ba7 9. Bg5 Bg4 10. Nbd2 h6 11. Bh4 g5 12. Bg3 Nh5 13. Nf1 Qf6 14. Ne3 Bxf3 15.
gxf3 Ne7 16. Kh1 Nf4 17. Ng4 Qg7 18. Bxf4 exf4 19. e5 dxe5 20. Nxe5 Ng6 21.
Nxg6 Qxg6 22. Qe2 Qc6 23. d4 Rfe8 24. Qd3 g4 25. Rg1 h5 26. h3 Re3 27. fxe3
Qxf3+ 28. Rg2 Qxh3+ 29. Kg1 f3 30. Qg6+ Kh8 31. Qf6+ Kg8 32. Rh2 Qg3+ 33. Kf1
c5 34. Qg6+ Kh8 35. Rxh5# 1-0

[Event "Robinson Cup 2017"]
[Site "Cardiff"]
[Date "2017.07.26"]
[Round "5.2"]
[White "Rathbone-Jones, Ifan"]
[Black "Bassini, Emile"]
[Result "0-1"]
[WhiteElo "1599"]
[BlackElo "2028"]
[PlyCount "54"]
[EventDate "2017.07.24"]
[EventType "team-tourn"]
[EventCountry "WLS"]
[SourceDate "2017.07.26"]
[BlackTeam "FRA"]

1. e4 c5 2. d4 cxd4 3. c3 Nf6 4. e5 Nd5 5. Bc4 Nb6 6. Bb3 Nc6 7. Nf3 d6 8. Nxd4
Nxe5 9. Bf4 Ng6 10. Bg3 e5 11. Qf3 Qd7 12. a4 exd4 13. a5 Qe7+ 14. Kd2 Qg5+ 15.
Kd3 Bf5+ 16. Kxd4 Qf6+ 17. Ke3 Nd7 18. Qxb7 Rb8 19. Bxf7+ Kxf7 20. Qxa7 d5 21.
b4 Re8+ 22. Kd2 Bxb4 23. Qb7 Qd4+ 24. Kc1 Bxc3 25. Rd1 Bb2+ 26. Qxb2 Rc8+ 27.
Nc3 Rxc3+ 0-1

[Event "Robinson Cup 2017"]
[Site "Cardiff"]
[Date "2017.07.26"]
[Round "5.5"]
[White "Moracchini, Margaux"]
[Black "Jaberansari, Daniel"]
[Result "1-0"]
[WhiteElo "1673"]
[BlackElo "1387"]
[PlyCount "105"]
[EventDate "2017.07.24"]
[EventType "team-tourn"]
[EventCountry "WLS"]
[SourceDate "2017.07.26"]

1. e4 e6 2. d4 d5 3. Nd2 Nf6 4. e5 Nfd7 5. Bd3 c5 6. c3 Nc6 7. Ndf3 Be7 8. Ne2
f6 9. exf6 Nxf6 10. O-O O-O 11. Re1 cxd4 12. cxd4 Bd6 13. Nc3 h6 14. a3 a6 15.
Bc2 Qe8 16. Ne5 Qh5 17. Qxh5 Nxh5 18. Ng6 Rf6 19. Be3 Nf4 20. Nxf4 Bxf4 21.
Rad1 Bxe3 22. Rxe3 Bd7 23. Ne2 Raf8 24. f3 Rc8 25. Rc3 Rff8 26. Bg6 Na5 27.
Rdc1 Rxc3 28. Rxc3 Rc8 29. Rxc8+ Bxc8 30. Bd3 Kf7 31. Kf2 Kf6 32. Nf4 Nc6 33.
Ke3 Bd7 34. Ng6 Be8 35. Nf4 Bf7 36. Ne2 Bg6 37. Nf4 Bxd3 38. Nxd3 b6 39. Nb4
Nxb4 40. axb4 Kf5 41. g3 h5 42. h3 Kf6 43. f4 Kf5 44. Kf3 Kf6 45. g4 hxg4+ 46.
Kxg4 Kg6 47. h4 Kf6 48. h5 g6 49. h6 a5 50. bxa5 bxa5 51. b3 Kf7 52. Kg5 Kg8
53. Kxg6 1-0

[Event "Robinson Cup 2017"]
[Site "Cardiff"]
[Date "2017.07.26"]
[Round "5.6"]
[White "Fowler, Caspian"]
[Black "Chemla, Anouk"]
[Result "0-1"]
[WhiteElo "1234"]
[BlackElo "1642"]
[PlyCount "52"]
[EventDate "2017.07.24"]
[EventType "team-tourn"]
[EventCountry "WLS"]
[SourceDate "2017.07.26"]
[WhiteTeam "WLS"]

1. e4 c5 2. c3 Nf6 3. e5 Nd5 4. d4 cxd4 5. cxd4 e6 6. Nf3 d6 7. exd6 Bxd6 8.
Be3 Nc6 9. Bd3 Bd7 10. O-O Rc8 11. Nbd2 Ncb4 12. Ne4 Be7 13. Bb1 f5 14. Ned2 f4
15. Ne5 O-O 16. Qh5 Nc2 17. Rc1 Nf6 18. Qh3 Nxa1 19. Rxc8 Qxc8 20. Ne4 Nxe4 21.
Bxe4 h6 22. Nxd7 Qxd7 23. Qg4 Bg5 24. h4 fxe3 25. hxg5 exf2+ 26. Kh2 f1=Q 0-1